| 000 | 00453nam a2200181Ia 4500 | ||
|---|---|---|---|
| 005 | 20250612153034.0 | ||
| 008 | 191130s2008##################000#0#eng## | ||
| 020 |
_a9780753824092 _qpbk |
||
| 041 | _aeng | ||
| 082 | _a823.92 FOU | ||
| 100 | _aFoulds, Adam | ||
| 245 |
_aThe truth about these strange times _cAdam Foulds |
||
| 250 | _a1st ed | ||
| 260 |
_aLondon _bPhoenix _c2008 |
||
| 300 | _a329 p. ; 20 cm | ||
| 650 | _aFiction | ||
| 942 | _cENGLISH | ||
| 999 |
_c73862 _d73862 |
||